<?xml version="1.0" encoding="UTF-8"?>
<record
    xmlns:xsi="http://www.w3.org/2001/XMLSchema-instance"
    xsi:schemaLocation="http://www.loc.gov/MARC21/slim http://www.loc.gov/standards/marcxml/schema/MARC21slim.xsd"
    xmlns="http://www.loc.gov/MARC21/slim">

  <leader>00964cam a2200277 i 4500</leader>
  <controlfield tag="001">j  66000855 </controlfield>
  <controlfield tag="003">DLC</controlfield>
  <controlfield tag="005">20260227111521.0</controlfield>
  <controlfield tag="008">990708s1950    ja       b    000 0 jpn  </controlfield>
  <datafield tag="010" ind1=" " ind2=" ">
    <subfield code="a">j  66000855 </subfield>
  </datafield>
  <datafield tag="035" ind1=" " ind2=" ">
    <subfield code="a">(CStRLIN)DCLP99-B8579</subfield>
  </datafield>
  <datafield tag="040" ind1=" " ind2=" ">
    <subfield code="a">DLC-R</subfield>
    <subfield code="c">DLC-R</subfield>
    <subfield code="d">DLC</subfield>
  </datafield>
  <datafield tag="043" ind1=" " ind2=" ">
    <subfield code="a">a-ja---</subfield>
  </datafield>
  <datafield tag="050" ind1="0" ind2="0">
    <subfield code="a">Law</subfield>
  </datafield>
  <datafield tag="066" ind1=" " ind2=" ">
    <subfield code="c">$1</subfield>
  </datafield>
  <datafield tag="245" ind1="0" ind2="0">
    <subfield code="6">880-01</subfield>
    <subfield code="a">Hanrei r&#x14D;d&#x14D;h&#x14D; no kenky&#x16B; /</subfield>
    <subfield code="c">Yanagawa Masao t&#x14D; ky&#x14D;cho.</subfield>
  </datafield>
  <datafield tag="260" ind1=" " ind2=" ">
    <subfield code="6">880-02</subfield>
    <subfield code="a">T&#x14D;ky&#x14D; :</subfield>
    <subfield code="b">R&#x14D;mu Gy&#x14D;sei Kenky&#x16B;jo,</subfield>
    <subfield code="c">Sh&#x14D;wa 25 [1950]</subfield>
  </datafield>
  <datafield tag="300" ind1=" " ind2=" ">
    <subfield code="a">5, 40, 917, 20 p. ;</subfield>
    <subfield code="c">22 cm.</subfield>
  </datafield>
  <datafield tag="504" ind1=" " ind2=" ">
    <subfield code="a">Includes bibliographical references.</subfield>
  </datafield>
  <datafield tag="650" ind1=" " ind2="0">
    <subfield code="a">Labor laws and legislation</subfield>
    <subfield code="z">Japan.</subfield>
  </datafield>
  <datafield tag="650" ind1=" " ind2="0">
    <subfield code="a">Labor laws and legislation.</subfield>
  </datafield>
  <datafield tag="700" ind1="1" ind2=" ">
    <subfield code="6">880-03</subfield>
    <subfield code="a">Yanagawa, Masao,</subfield>
    <subfield code="d">1907-1986.</subfield>
  </datafield>
  <datafield tag="880" ind1="0" ind2="0">
    <subfield code="6">245-01/$1</subfield>
    <subfield code="a">&#x5224;&#x4F8B;&#x52B4;&#x50CD;&#x6CD5;&#x306E;&#x7814;&#x7A76; /</subfield>
    <subfield code="c">&#x67F3;&#x5DDD;&#x771F;&#x4F50;&#x592B;&#x7B49;&#x5171;&#x8457;&#xFF0E;</subfield>
  </datafield>
  <datafield tag="880" ind1=" " ind2=" ">
    <subfield code="6">260-02/$1</subfield>
    <subfield code="a">&#x6771;&#x4EAC; :</subfield>
    <subfield code="b">&#x52B4;&#x52D9;&#x884C;&#x653F;&#x7814;&#x7A76;&#x6240;,</subfield>
    <subfield code="c">&#x662D;&#x548C; 25 [1950]</subfield>
  </datafield>
  <datafield tag="880" ind1="1" ind2=" ">
    <subfield code="6">700-03/$1</subfield>
    <subfield code="a">&#x67F3;&#x5DDD;&#x771F;&#x4F50;&#x592B;,</subfield>
    <subfield code="d">1907-1986</subfield>
  </datafield>
  <datafield tag="999" ind1=" " ind2=" ">
    <subfield code="c">35073</subfield>
    <subfield code="d">35073</subfield>
  </datafield>
</record>
